Science Quiz

Random Science or Elements Quiz

Elements Zoo Quiz Stats

 Plays Quiz Updated Apr 27, 2013

Challenge
Share
Tweet
Embed
Score 0/25 Timer 05:00
1 Play Today
Elements Animal % Correct
Lithium, Oxygen, NitrogenLion
99.2%
Beryllium, ArgonBear
84.5%
Fluorine, Aluminum, Cobalt, NitrogenFalcon
83%
Cobalt, Boron, RadiumCobra
81.5%
Rhodium, Indium, Oxygen, Carbon, Erbium, OsmiumRhinoceros
78.7%
Radium, Carbon, Cobalt, Oxygen, NitrogenRaccoon
77.3%
Cobalt, Yttrium, Oxygen, TelluriumCoyote
76.8%
Germanium, Carbon, Potassium, OxygenGecko
75.6%
Aluminum, Protactinium, CalciumAlpaca
74.5%
Barium, Boron, Oxygen, Oxygen, NitrogenBaboon
73.1%
Molybdenum, Oxygen, SeleniumMoose
72.8%
Calcium, Nitrogen, Argon, YttriumCanary
72.6%
Protactinium, Nitrogen, Thorium, ErbiumPanther
69.8%
Elements Animal % Correct
Plutonium, Fluorine, Fluorine, IndiumPuffin
69.5%
Sulfur, Hydrogen, Argon, PotassiumShark
68.5%
Tungsten, Aluminum, Lanthanum, Boron, YttriumWallaby
67.2%
Calcium, Phosphorus, Yttrium, Barium, RadiumCapybara
67.1%
Tungsten, Aluminum, Ruthenium, SulfurWalrus
66.8%
Sulfur, Tantalum, Rutherfordium, Iodine, Sulfur, HydrogenStarfish
65.1%
Tungsten, Rhenium, NitrogenWren
63.7%
Tantalum, Phosphorus, IridiumTapir
62.8%
Chlorine, Oxygen, Tungsten, Nitrogen, Fluorine, Iodine, Sulfur, HydrogenClownfish
61.4%
Osmium, Phosphorus, Rhenium, YttriumOsprey
58%
Carbon, Arsenic, Sulfur, Oxygen, Tungsten, Argon, YttriumCassowary
52.3%
Vanadium, Iodine, Copper, SodiumVicuna
49%

You're not logged in!

Compare scores with friends on all Sporcle quizzes.
OR
Log In

You Might Also Like...

Show Comments

Extras

Top Quizzes Today


Score Distribution

Your Account Isn't Verified!

In order to create a playlist on Sporcle, you need to verify the email address you used during registration. Go to your Sporcle Settings to finish the process.

Report this User

Report this user for behavior that violates our Community Guidelines.

Details: